[Event "Open Women Bulgarian Ch"]
[Site "Vratsa BUL"]
[Date "2007.07.29"]
[Round "6"]
[White "Georgieva,K"]
[Black "Vladimirova,D"]
[Result "1/2-1/2"]
[WhiteElo "1769"]
[BlackElo "1776"]

1.e4 c5 2.Nf3 e6 3.d4 cxd4 4.Nxd4 Nc6 5.Nc3 a6 6.Be2 Qc7 7.O-O Nf6 8.Nxc6 bxc6
9.f4 Bc5+ 10.Kh1 Bb7 11.e5 Nd5 12.Ne4 Be7 13.c4 Nb6 14.Nd6+ Bxd6 15.exd6 Qd8
16.c5 Nd5 17.Qd4 Qf6 18.Qxf6 gxf6 19.Bh5 a5 20.Rf3 f5 21.b3 Rg8 22.Rh3 a4
23.Bd1 Ba6 24.Kg1 O-O-O 25.bxa4 Rg6 26.Rb3 Bc4 27.Rb2 Bd3 28.Bc2 Bxc2 29.Rxc2 Kb7
30.Rb2+ Ka8 31.Bd2 Rgg8 32.Rab1 Rb8 33.Rxb8+ Rxb8 34.Rxb8+ Kxb8 35.a5 Ka7
36.Kf2 Ka6 37.a4 Nf6 38.Kf3 Ne4 39.Bb4 Nf6 40.h3 h5 41.Bc3 Ne4 42.Bb4 Nf6
43.Bc3 Ne4  1/2-1/2

[Event "MTO"]
[Site "Biel SUI"]
[Date "2007.07.30"]
[Round "7"]
[White "Tseshkovsky,V"]
[Black "Kamber,B"]
[Result "1-0"]
[WhiteElo "2513"]
[BlackElo "2341"]

1.e4 c5 2.Nf3 e6 3.d4 cxd4 4.Nxd4 Nc6 5.Nc3 Qc7 6.Be3 Nf6 7.f4 Nxd4 8.Qxd4 a6
9.e5 Ng4 10.Bg1 b5 11.Bd3 f6 12.Be4 fxe5 13.Qd1 d5 14.Qxg4 dxe4 15.O-O-O exf4
16.Nxe4 e5 17.Qh5+ g6 18.Qe2 Bf5 19.g4 fxg3 20.Nxg3 Bh6+ 21.Kb1 O-O 22.Nxf5 Rxf5
23.h4 Rc8 24.h5 Rxh5 25.Rxh5 gxh5 26.c3 Bf4 27.Qxh5 Qf7 28.Qh3 Qg6+ 29.Ka1 Rf8
30.Bc5 Rf5 31.Rd8+ Kg7 32.a3 Bg5 33.Rd1 h6 34.Qh1 Rf7 35.Bd6 Qe6 36.Qe4 Rf5
37.Bb8 Bf4 38.Rg1+ Rg5 39.Rd1 Rf5 40.Rd6 Qf7 41.Rxa6 Bg3 42.Qg4+ Kh7 43.Qe4 Kg7
44.Qg4+ Kh7 45.Qe4 Kg8 46.c4 h5 47.Ra8 Qe6 48.Bxe5+ Kh7 49.Ra7+ Kh6 50.Bf4+  1-0

[Event "Open NK"]
[Site "Dieren NED"]
[Date "2007.07.30"]
[Round "6"]
[White "Schenkeveld,Da"]
[Black "Op den Kelder,J"]
[Result "0-1"]
[WhiteElo "2085"]
[BlackElo "2247"]

1.e4 c5 2.Nf3 e6 3.Nc3 Nc6 4.d4 cxd4 5.Nxd4 Qc7 6.Be3 a6 7.Bd3 Nf6 8.O-O Ne5
9.Nf3 Nfg4 10.Nxe5 Nxe3 11.Qh5 g6 12.Qf3 Qxe5 13.fxe3 f6 14.Qxf6 Qxf6 15.Rxf6 Bg7
16.Rf3 b5 17.Raf1 Ra7 18.Rf7 Be5 19.a4 Bxc3 20.bxc3 bxa4 21.e5 Kd8 22.Ra1 Rc7
23.Rxa4 Rxc3 24.Rd4 Rc5 25.Bxa6 Ke8 26.Rg7 Kf8 27.Rdxd7 Bxd7 28.Rxd7 Rxc2
29.g4 h5 30.Bd3 Rd2 31.g5 Ke8 32.Rd6 Ke7 33.Bxg6 Re2 34.Ra6 Rc8 35.Ra7+ Kd8
36.Ra1 h4 37.Rf1 Rc5 38.Bb1 Rxe5 39.Rd1+ Ke7 40.g6 Rg5+ 41.Kf1 Rxh2 42.Be4 Rg4
43.Rd4 Kf6  0-1

[Event "94th ch-GBR"]
[Site "Great Yarmouth ENG"]
[Date "2007.07.31"]
[Round "2"]
[White "Griffiths,R"]
[Black "Hanley,Ja"]
[Result "1/2-1/2"]
[WhiteElo "2046"]
[BlackElo "2213"]

1.e4 c5 2.Nf3 e6 3.d4 cxd4 4.Nxd4 Nc6 5.Nc3 Qc7 6.Be3 a6 7.Bd3 Nf6 8.O-O Ne5
9.Nf3 Nfg4 10.Nxe5 Nxe3 11.Qh5 g6 12.Qf3 Qxe5 13.fxe3 f6 14.Qxf6 Qxf6 15.Rxf6 Bg7
16.Rf3 b5 17.Raf1 Rf8 18.Rh3 Rxf1+ 19.Kxf1 h6 20.e5 g5 21.Ne4 Ke7 22.Nd6 Bxe5
23.Be4 Rb8 24.Nxc8+ Rxc8 25.c3 d5 26.Bd3 Rf8+ 27.Ke2 Rf6 28.g4 Kd6 29.Rh5 Kc5
30.h4 Bg3 31.hxg5 hxg5 32.Kd2 Bh4 33.Be2 Kd6 34.Rh8 e5 35.Ra8 Kc5 36.a4 bxa4
37.Rxa6  1/2-1/2

[Event "Jihlavanka Cup GMB"]
[Site "Olomouc CZE"]
[Date "2007.08.01"]
[Round "1"]
[White "Kanovsky,D"]
[Black "Hasangatin,R"]
[Result "0-1"]
[WhiteElo "2410"]
[BlackElo "2476"]

1.e4 c5 2.Nf3 e6 3.d4 cxd4 4.Nxd4 Nc6 5.Nc3 Bb4 6.Nxc6 dxc6 7.Qxd8+ Kxd8
8.Bf4 Nf6 9.O-O-O+ Ke8 10.f3 Nh5 11.Bc7 Bd7 12.a3 Bc5 13.b4 Rc8 14.bxc5 Rxc7
15.e5 Nf4 16.g3 Nd5 17.Ne4 f5 18.exf6 Nxf6 19.Nd6+ Ke7 20.f4 b6 21.Bh3 Rd8
22.Rhe1 g6 23.Re5 bxc5 24.Nc4 Bc8 25.Rde1 Kf8 26.Bxe6 Ng4 27.Bxg4 Bxg4 28.Rxc5 Rd5
29.Re5 Rd1+ 30.Kb2 Rh1 31.h4 Rh2 32.Na5 Bf5 33.Re3 Rg2 34.Rec3 Be4 35.Kb3 Rc8
36.Ka4 h5 37.Nb7 Rb8 38.Nd6 Bd5 39.Nc4 Rd8 40.Ne5 Rd6 41.Ka5 Rg1 42.Ka6 Rb1
43.Kxa7 Kg7 44.Nxc6 Bg2 45.Nb4 Ra1 46.Nd3 Rb1 47.Rc7+ Kf6 48.Nb4 Kf5 49.R7c5+ Kg4
50.Rg5+ Kh3 51.Rb5 Re1 52.Rc7 Ra1 53.Rc3 Re1 54.Re5 Red1 55.Re7 Ra1 56.Kb8 Rd4
57.Re6 Be4 58.Kc7 Rad1 59.Kb6 Bf5 60.Rf6 Rg1 61.Kc5 Rd8 62.a4 Ra1 63.Ra6 Rc8+
64.Nc6 Be4 65.Kb5 Rb1+ 66.Kc5 Ra1 67.Kb4 Rb1+ 68.Ka3 Rg1 69.a5 Rxg3 70.Rxg3+ Kxg3
71.Nb4 Kxh4 72.Re6 Bf5 73.Re7 Kg3 74.a6 h4 75.a7 h3 76.Nc6 h2 77.Re1 Be4
78.Rxe4 h1=Q  0-1

[Event "FIDE Cup"]
[Site "Olomouc CZE"]
[Date "2007.08.01"]
[Round "1"]
[White "Parligras,C"]
[Black "Sonter,M"]
[Result "1-0"]
[WhiteElo "2255"]
[BlackElo "2183"]

1.e4 c5 2.Nf3 e6 3.d4 cxd4 4.Nxd4 Nc6 5.Nc3 Qc7 6.Ndb5 Qb8 7.Be3 a6 8.Bb6 axb5
9.Nxb5 Bb4+ 10.c3 Ba5 11.Nc7+ Kf8 12.Nxa8 Qxa8 13.Qd6+ Nge7 14.Qa3 Qb8 15.Bxa5 Qe5
16.Bb6 Qxe4+ 17.Be3 f6 18.Qd6 Kf7 19.Qd3 Qg4 20.h3 Qa4 21.Be2 d5 22.Bd1 Qa5
23.b4 Qc7 24.Bb3 Ne5 25.Qc2 Nf5 26.O-O-O Nxe3 27.fxe3 Nc4 28.Bxc4 Qxc4 29.Kb2 Bd7
30.Qd3 Qxd3 31.Rxd3 Bc6 32.Rd2 b5 33.Rb1 Ke7 34.Kc1 Ra8 35.Rb3 e5 36.Kb2 Ke6
37.Rf2 Ra7 38.Ra3 Ra4 39.Rxa4 bxa4 40.b5 Bxb5 41.Ka3 Kd6 42.Kb4 Bd7 43.Rd2 Ke6
44.Kc5  1-0

[Event "Valoz Cup GMA"]
[Site "Olomouc CZE"]
[Date "2007.08.01"]
[Round "1"]
[White "Malinovsky,K"]
[Black "Vorobiov,E"]
[Result "1-0"]
[WhiteElo "2334"]
[BlackElo "2572"]

1.e4 c5 2.Nf3 e6 3.d4 cxd4 4.Nxd4 Nc6 5.Nc3 d6 6.Be2 Nf6 7.O-O Be7 8.Be3 O-O
9.f4 a6 10.a4 Qc7 11.Bf3 Rd8 12.Kh1 Ne5 13.Be2 Nc4 14.Bc1 Bd7 15.Qe1 Rac8
16.b3 Ne3 17.Bxe3 Qxc3 18.Bd3 Qxe1 19.Raxe1 Be8 20.Bd2 Nd7 21.f5 e5 22.Ne2 f6
23.Rc1 Bf7 24.c4 Nc5 25.Bc2 b5 26.axb5 axb5 27.cxb5 Bxb3 28.Bxb3+ Nxb3 29.Rxc8 Rxc8
30.Be3 d5 31.exd5 Bc5 32.Rb1 Bxe3 33.Rxb3 Bb6 34.Rc3 Rb8 35.g4 Bd4 36.Rb3 h5
37.gxh5 Kh7 38.Nxd4 exd4 39.Kg2 d3 40.Kf3 d2 41.Ke2 Rd8 42.b6 Rxd5 43.Kd1 Rd8
44.b7 Rb8 45.Kxd2 Kh6 46.Ke3 Kxh5 47.Kf4 Kh4 48.Rb5 Kh5 49.Kg3 Kg5 50.h4+ Kh5
51.Kh3 Kh6 52.Kg4 Kh7 53.Kh5 g6+ 54.fxg6+ Kg7 55.Rb6 Rh8+ 56.Kg4 f5+ 57.Kxf5 Rf8+
58.Kg5 Rh8 59.h5  1-0

[Event "94th ch-GBR"]
[Site "Great Yarmouth ENG"]
[Date "2007.08.02"]
[Round "4"]
[White "Jain,A2"]
[Black "Hanley,Ja"]
[Result "0-1"]
[WhiteElo "2002"]
[BlackElo "2213"]

1.e4 c5 2.Nf3 e6 3.d4 cxd4 4.Nxd4 Nc6 5.Nc3 Qc7 6.Be2 a6 7.O-O Nf6 8.Be3 Bb4
9.Na4 Be7 10.Nxc6 bxc6 11.Nb6 Rb8 12.Nxc8 Qxc8 13.Bd4 c5 14.Be5 Rb6 15.b3 O-O
16.Qd3 d6 17.Bb2 Qc6 18.Bf3 Qc7 19.Bc3 Qb8 20.a4 Nd7 21.Qc4 Bf6 22.Bxf6 Nxf6
23.a5 Rb5 24.Ra4 Qc7 25.Qc3 Rfb8 26.Re1 Rb4 27.Rxb4 Rxb4 28.e5 dxe5 29.Qxe5 Qxe5
30.Rxe5 Rb5 31.Bc6 Rxa5 32.Kf1 Kf8 33.Ke2 Ng4 34.Rh5 f5 35.Rxh7 Ra2 36.Kd2 Nxf2
37.Rh4 Ke7 38.Rf4 Ng4 39.h3 Nf6 40.Bf3 Kd6 41.g4 fxg4 42.hxg4 Ke5 43.Rc4 Ra5
44.Ke3 g5 45.Bb7 Kd6 46.Kf3 Ra1 47.Kf2 Nd5 48.Kf3 a5 49.Re4 Rf1+ 50.Ke2 Rf4
51.Rxf4 Nxf4+ 52.Ke3 Nd5+ 53.Ke4 Nb4 54.c3 Nd5 55.Kd3 Nb6 56.Ke4 Nd7 57.Ba6 Nf6+
58.Kf3 Nd5 59.c4 Nb4 60.Bb7 Ke5 61.Ke3 Nc2+ 62.Kd3 Nd4 63.Ke3 Nxb3 64.Bc6 Kd6
65.Ba4 Nd4 66.Ke4 Nc6 67.Bd1 Ne5  0-1

[Event "Open"]
[Site "Olomouc CZE"]
[Date "2007.08.02"]
[Round "1"]
[White "Orschulik,N"]
[Black "Netzer,Je"]
[Result "0-1"]
[WhiteElo "1893"]
[BlackElo "2383"]

1.e4 c5 2.Nf3 e6 3.d4 cxd4 4.Nxd4 Nc6 5.Nc3 Qc7 6.a3 a6 7.Be3 Nf6 8.Nb3 b5
9.Be2 Bb7 10.f4 d6 11.O-O Be7 12.g4 Nd7 13.f5 O-O 14.g5 Rfe8 15.Bg4 exf5
16.Nd5 Qd8 17.Bxf5 g6 18.Bxd7 Qxd7 19.Nc5 dxc5 20.Nf6+ Bxf6 21.Qxd7 Re7 22.Qh3 Bxb2
23.Bxc5 Bxa1 24.Bxe7 Bd4+ 25.Kg2 Nxe7 26.Qf3 Nf5 27.Qd3 Re8 28.Re1 Bc5 29.Kf1 Nd4
30.c3 Ne6 31.h4 Bf8 32.Qh3 Nc5 33.e5 Ne6 34.Qg3 Bxa3 35.c4 Bc5 36.cxb5 axb5
37.Qd3 Bg2+  0-1

[Event "Valoz Cup GMA"]
[Site "Olomouc CZE"]
[Date "2007.08.03"]
[Round "3"]
[White "Grandelius,N"]
[Black "Vorobiov,E"]
[Result "0-1"]
[WhiteElo "2271"]
[BlackElo "2572"]

1.e4 c5 2.Nf3 e6 3.d4 cxd4 4.Nxd4 Nc6 5.Nc3 d6 6.Be3 Nf6 7.f3 Be7 8.Qd2 O-O
9.O-O-O a6 10.g4 Nxd4 11.Bxd4 b5 12.g5 Nd7 13.h4 Qa5 14.Kb1 b4 15.Ne2 Ne5
16.f4 Nc4 17.Qd3 e5 18.Be3 d5 19.exd5 Bf5 20.Qxc4 Rac8 21.Ng3 Bxc2+ 22.Qxc2 Rxc2
23.Kxc2 Qxa2 24.Nf5 Rc8+ 25.Kd2 Bf8 26.Ke1 exf4 27.Bxf4 Qxb2 28.Rh2 Qc3+
29.Rhd2 Qf3 30.Rf2 Qe4+ 31.Ne3 Rc3 32.Bg2 Rxe3+ 33.Bxe3 Qxe3+ 34.Re2 Qg3+
35.Kf1 g6 36.Re8 Kg7 37.Rxf8 Kxf8 38.d6 Ke8  0-1

[Event "HZ Open"]
[Site "Vlissingen NED"]
[Date "2007.08.04"]
[Round "1"]
[White "Sengupta,D"]
[Black "Foo,B"]
[Result "1-0"]
[WhiteElo "2435"]
[BlackElo "1840"]

1.e4 c5 2.Nc3 e6 3.Nf3 Nc6 4.d4 cxd4 5.Nxd4 a6 6.Be3 Nf6 7.Qd2 d6 8.f3 Be7
9.O-O-O Qc7 10.g4 b5 11.Nxc6 Qxc6 12.Ne2 Bb7 13.g5 Nd7 14.h4 Rc8 15.Nd4 Qc7
16.h5 Ne5 17.Kb1 Nxf3 18.Nxf3 Bxe4 19.Be2 Bxc2+ 20.Ka1 Bxd1 21.Bxd1 d5 22.Bb3 Qg3
23.Nd4 Bb4 24.Qd3 Qg2 25.Rd1 Qe4 26.Qxe4 dxe4 27.g6 hxg6 28.hxg6 fxg6 29.Nxe6 Bf8
30.Ng5 Rh4 31.Bf7+ Ke7 32.Bxg6 Rd8 33.Rf1 Rc8 34.Nxe4 Rh2 35.Bg5+ Ke6 36.Bf5+ Ke5
37.Bxc8 Kxe4 38.Bb7+ Kd3 39.Rxf8 Rh5 40.Bc1 Rc5 41.Kb1 g5 42.Bxa6 Ke4 43.Bb7+ Kd3
44.Rg8 Rc7 45.Ba6  1-0

[Event "HZ Open"]
[Site "Vlissingen NED"]
[Date "2007.08.04"]
[Round "1"]
[White "Kasimdzhanov,R"]
[Black "De Pooter,R"]
[Result "1-0"]
[WhiteElo "2683"]
[BlackElo "1893"]

1.e4 c5 2.Nf3 e6 3.d4 cxd4 4.Nxd4 Nc6 5.Nc3 a6 6.Be2 Nf6 7.Nxc6 bxc6 8.e5 Nd5
9.Ne4 Qc7 10.Nd6+ Bxd6 11.exd6 Qa5+ 12.c3 O-O 13.O-O f5 14.Qd4 c5 15.Qe5 Qb6
16.c4 Nf6 17.f3 Bb7 18.Be3 Qc6 19.Qxc5 Rac8 20.Qxc6 Rxc6 21.b4 Rfc8 22.c5 Nd5
23.Bd2 Ra8 24.Rfc1 Rcc8 25.a4 Kf7 26.Rab1 Ke8 27.Rb2 Bc6 28.b5 axb5 29.axb5 Rab8
30.Rcb1 Ba8 31.c6  1-0

[Event "Tsiolkovsky Mem"]
[Site "Kaluga RUS"]
[Date "2007.08.05"]
[Round "3"]
[White "Amonatov,F"]
[Black "Kachar,V"]
[Result "1-0"]
[WhiteElo "2598"]
[BlackElo "2371"]

1.e4 c5 2.Nf3 e6 3.d4 cxd4 4.Nxd4 Nc6 5.Nc3 a6 6.Be3 Nf6 7.Bd3 Qc7 8.Qe2 d6
9.O-O-O Be7 10.Rhg1 Ne5 11.g4 b5 12.a3 Rb8 13.g5 Nfd7 14.Nf5 Nxd3+ 15.Rxd3 Ne5
16.Nxg7+ Kf8 17.Nh5 Nxd3+ 18.Qxd3 Qc4 19.Qxc4 bxc4 20.f4 Bd7 21.Bd4 Rg8 22.Nf6 Bxf6
23.Bxf6 Rb6 24.Rd1 Ke8 25.Re1 Bc6 26.Re3 Rb7 27.Rh3 d5 28.exd5 Bxd5 29.Rxh7 Bf3
30.Rh4 Rc7 31.Kd2 Kd7 32.Ke3 Bh1 33.Rh7 Kc6 34.h4 Bg2 35.h5 Bh3 36.Ne2 Bf5
37.Nd4+ Kd5 38.Nxf5 exf5 39.Rh8 Rxh8 40.Bxh8 Re7+ 41.Kf2 Ke4 42.Be5 Rd7 43.Ke2 f6
44.Bxf6 Kxf4 45.g6  1-0

[Event "Open"]
[Site "Kavala GRE"]
[Date "2007.08.05"]
[Round "2"]
[White "Kotrotsos,V"]
[Black "Mastrovasilis,D"]
[Result "1/2-1/2"]
[WhiteElo "2337"]
[BlackElo "2541"]

1.e4 c5 2.Nf3 e6 3.d4 cxd4 4.Nxd4 Nc6 5.Nc3 a6 6.Be3 Nf6 7.Bd3 Qc7 8.O-O Ne5
9.Nf3 Nfg4 10.Nxe5 Nxe3 11.Qh5 g6 12.Qf3 Qxe5 13.fxe3 f6 14.Qxf6 Qxf6 15.Rxf6 Bg7
16.Rf3 b5 17.Raf1 Bb7 18.Rf7 Be5 19.Nd1 Bc6 20.c3 a5 21.R7f2 g5 22.Rc2 h5
23.b3 Ke7 24.Nb2 Rhc8 25.c4 Bb7 26.Rb1 Bxb2 27.Rbxb2 bxc4 28.Rxc4 Rxc4 29.bxc4 Bc6
30.e5 a4 31.c5 a3 32.Rc2 Ra4 33.Kf2 Bd5 34.e4 Bb3 35.Rd2 Ra5 36.Ke3 Ba4 37.Kd4 Ra8
38.Kc3 Rb8 39.Rf2 h4 40.Rd2 Bc6 41.Rd1 g4 42.g3 hxg3 43.hxg3 Rh8 44.Re1 Rh5
45.Kd4 Rh2 46.Re2 Rh1 47.Re3 Ba4 48.Be2 Rh2 49.Rxa3 Bc6 50.Bxg4 Rd2+ 51.Ke3 Rc2
52.Ra5 Rc3+ 53.Kf4 Rc4 54.Bf3 Kf7 55.Ke3 Rc3+ 56.Kf4 Rc4 57.Bh5+ Kg7 58.Be2  1/2-1/2

[Event "Open"]
[Site "Olomouc CZE"]
[Date "2007.08.05"]
[Round "4"]
[White "Jurcik,Mart"]
[Black "Pozin,S"]
[Result "0-1"]
[WhiteElo "2324"]
[BlackElo "2450"]

1.e4 c5 2.Nc3 Nc6 3.Nge2 e6 4.d4 cxd4 5.Nxd4 d6 6.Be3 Nf6 7.Qd2 a6 8.f3 Nxd4
9.Bxd4 b5 10.O-O-O Bb7 11.g4 Qa5 12.Kb1 b4 13.Ne2 Rc8 14.Ng3 d5 15.e5 Nd7
16.f4 Bc5 17.Bg2 Bxd4 18.Qxd4 O-O 19.Qf2 Qc7 20.Rhe1 a5 21.Rd4 Nc5 22.f5 Ba6
23.Nh5 a4 24.Qd2 b3 25.f6 bxc2+ 26.Kc1 a3 27.bxa3 Rb8 28.Qg5 Nd3+ 29.Rxd3 Rb1+
30.Kd2 c1=Q+  0-1

[Event "ch-ISL"]
[Site "Reykjavik ISL"]
[Date "2007.08.05"]
[Round "8"]
[White "Kjartansson,D"]
[Black "Kristjansson,St"]
[Result "0-1"]
[WhiteElo "2324"]
[BlackElo "2458"]

1.e4 c5 2.Nf3 e6 3.d4 cxd4 4.Nxd4 Nc6 5.Nc3 Qc7 6.Be3 a6 7.Qd2 Nf6 8.f3 Ne5
9.O-O-O b5 10.Nb3 Bb7 11.Qf2 Rc8 12.Bb6 Qb8 13.Ba7 Qc7 14.Bb6 Qb8 15.Ba7 Qa8
16.Bd4 d6 17.Kb1 Nfd7 18.Na5 Qb8 19.Bxe5 Nxe5 20.Qb6 Rc7 21.Nxb7 Qxb7 22.Qxb7 Rxb7
23.a4 bxa4 24.Bxa6 Rb6 25.Bb5+ Ke7 26.Bxa4 g5 27.Bb3 Bg7 28.h4 g4 29.f4 Nd7
30.Rhe1 Rhb8 31.Re3 Nc5 32.Ka2 Bxc3 33.Rxc3 Nxe4 34.Rc7+ Kf6 35.f5 Ra8+ 36.Kb1 Rba6
37.c3 Ra1+ 38.Kc2 Rxd1 39.Kxd1 Ra1+ 40.Kc2 Rg1 41.fxe6 fxe6 42.Rxh7 Rxg2+
43.Kc1 d5 44.Rh6+ Kf5 45.Ba4 g3 46.Bd7 Nf6  0-1

[Event "HZ Open"]
[Site "Vlissingen NED"]
[Date "2007.08.05"]
[Round "3"]
[White "Caruana,F"]
[Black "Van der Heijden,Al"]
[Result "1-0"]
[WhiteElo "2549"]
[BlackElo "2215"]

1.e4 c5 2.Nf3 e6 3.d4 cxd4 4.Nxd4 Nc6 5.Nc3 d6 6.g4 Nge7 7.Be3 a6 8.Nb3 b5
9.f4 b4 10.Na4 Rb8 11.Qd2 Ng6 12.O-O-O Be7 13.g5 e5 14.f5 Nf4 15.h4 h6 16.Rg1 hxg5
17.hxg5 Bxg5 18.Kb1 Rh6 19.Nb6 Rxb6 20.Bxb6 Qxb6 21.Rxg5 Kf8 22.Nc1 Nd4 23.Qf2 Bb7
24.Nb3 Qd8 25.Qg3 Nh5 26.Qe3 Nf4 27.Rg4 Nxb3 28.axb3 Rh1 29.Qf3 Rh6 30.Bc4 Rh3
31.Qf1 Rh6 32.Qg1 Qf6 33.Qa7 Bxe4 34.Rxd6 Bxc2+ 35.Ka2 Bb1+ 36.Ka1  1-0

[Event "HZ Open"]
[Site "Vlissingen NED"]
[Date "2007.08.05"]
[Round "3"]
[White "Verbruggen,S"]
[Black "Oosterom,E"]
[Result "1/2-1/2"]
[WhiteElo "1891"]
[BlackElo "2132"]

1.e4 c5 2.Nf3 e6 3.d4 cxd4 4.Nxd4 Nc6 5.Nc3 Qc7 6.Be2 a6 7.O-O Nf6 8.a3 Be7
9.Be3 O-O 10.Kh1 d6 11.f4 Na5 12.Bd3 Nc4 13.Bc1 b5 14.Qe2 Bd7 15.a4 b4 16.Bxc4 bxc3
17.e5 d5 18.Bd3 Ne4 19.Bxe4 dxe4 20.Qxe4 Qc4 21.Rf3 Bc6 22.Qxc6 Qxd4 23.Be3 Qb4
24.Qxc3 Qxc3 25.bxc3 Rfc8 26.Bd4 a5 27.Rb1 Rc4 28.Ra1 Rb8 29.g3 Rb2 30.Rf2 g6
31.Kg2 Bc5 32.Bxc5 Rxc5 33.Ra3 h5 34.Rd2 Kg7 35.Kf3 Rb1 36.Ke3 Re1+ 37.Re2 Rd1
38.Rd2 Re1+ 39.Re2 Rd1 40.Kf2 Rh1 41.Kg2 Rd1 42.h3 Rc4 43.Kf3 Rh1 44.Kg2  1/2-1/2

[Event "XVIII Kochan Mem"]
[Site "Koszalin POL"]
[Date "2007.08.06"]
[Round "2"]
[White "Warakomska,A"]
[Black "Cyborowski,L"]
[Result "1/2-1/2"]
[WhiteElo "2135"]
[BlackElo "2560"]

1.e4 c5 2.Nf3 e6 3.d4 cxd4 4.Nxd4 Nc6 5.Nc3 Qc7 6.Be2 a6 7.O-O Nf6 8.Be3 Bb4
9.Na4 Be7 10.Nxc6 bxc6 11.Nb6 Rb8 12.Nxc8 Rxc8 13.Bd3 O-O 14.b3 d5 15.exd5 Nxd5
16.Bd4 a5 17.Qf3 Rfd8 18.Rad1 c5 19.Bb2 Bf6 20.Bxf6 Nxf6 21.Bc4 Qe5 22.Rd3 Rxd3
23.Qxd3 Ng4 24.Qg3 Qxg3 25.hxg3 Kf8 26.Rd1 Ke7 27.Kf1 Nf6 28.f3 h5 29.Ke2 Ne8
30.f4 Nd6 31.Bd3 g6 32.Kf3 c4 33.bxc4 Nxc4 34.Ke2 Nb6 35.Rb1 Nd5 36.Rb7+ Kf6
37.Kf3 Nb4 38.Rb5 Nxa2 39.Rxa5 Nb4 40.g4 hxg4+ 41.Kxg4 Rc3 42.Rb5 Nxd3 43.cxd3 Rxd3
44.g3 Rd5 45.Rb7 g5 46.Ra7 Kg6 47.Ra6 Rb5 48.Rc6 Ra5 49.Rb6 Rd5 50.Ra6 Rb5
51.Rc6 Rb3 52.f5+ Kf6 53.fxe6 Rb4+ 54.Kf3 fxe6 55.g4 Rb3+ 56.Kf2 Rd3 57.Ra6 Ke5
58.Rb6 Rc3 59.Ra6 Kd5 60.Ra8 Kd4 61.Rd8+ Ke4 62.Ra8 Rc2+ 63.Kg3 e5 64.Rf8 Rc3+
65.Kf2 Rc2+ 66.Kg3 Kd3 67.Rf5 e4 68.Rxg5 e3 69.Rd5+ Ke2 70.Re5 Rc3 71.g5 Kd2
72.g6 Rc6 73.Rd5+ Kc2 74.g7 Rg6+ 75.Kf3 Rxg7 76.Kxe3  1/2-1/2

[Event "Jihlavanka Cup GMB"]
[Site "Olomouc CZE"]
[Date "2007.08.06"]
[Round "8"]
[White "Sluka,R"]
[Black "Hasangatin,R"]
[Result "1-0"]
[WhiteElo "2354"]
[BlackElo "2476"]

1.e4 c5 2.Nf3 Nc6 3.d4 cxd4 4.Nxd4 e6 5.Nc3 Qc7 6.g3 a6 7.Bg2 Nf6 8.O-O Bc5
9.Nb3 Ba7 10.Bg5 d6 11.Qe2 Ne5 12.Rad1 Nc4 13.Nd4 Bd7 14.Bc1 Rc8 15.b3 Ne5
16.Bb2 h5 17.Nf3 b5 18.a3 Bb6 19.Qd2 Ba5 20.Nxe5 dxe5 21.b4 Bb6 22.Qg5 Bd4
23.Nd5 exd5 24.Bxd4 exd4 25.Qxg7 dxe4 26.Qxf6 Rg8 27.Rxd4 Be6 28.Bxe4 Qe7
29.Qe5 Rg5 30.Qh8+ Qf8 31.Qxf8+ Kxf8 32.f4 Rg8 33.Bd3 h4 34.f5 Bc4 35.Bxc4 Rxc4
36.Rxc4 bxc4 37.Rf4 hxg3 38.h4 Ke7 39.Rxc4 Kf6 40.Rc5 g2 41.h5 Rg3 42.a4 Kg5
43.b5 Ra3 44.b6 Rxa4 45.c4 Rb4 46.Rc6 Kxh5 47.c5 Rb2 48.Rd6 Rb5 49.Rd8 Kg4
50.c6 Kf3 51.Rd3+ Ke4 52.Rc3  1-0

[Event "Valoz Cup GMA"]
[Site "Olomouc CZE"]
[Date "2007.08.06"]
[Round "8"]
[White "Ibrayev,N"]
[Black "Bernasek,J"]
[Result "0-1"]
[WhiteElo "2468"]
[BlackElo "2517"]

1.e4 c5 2.Nf3 Nc6 3.Nc3 e6 4.d4 cxd4 5.Nxd4 Qc7 6.Be3 a6 7.Qd2 Nf6 8.f3 Ne5
9.O-O-O Bb4 10.Kb1 Nc4 11.Bxc4 Qxc4 12.Nde2 b5 13.Qe1 O-O 14.Qg3 Be7 15.Rd4 Qc6
16.e5 Ne8 17.Rg4 f5 18.exf6 Bxf6 19.Ne4 d6 20.Nxf6+ Rxf6 21.Bg5 Rf7 22.Rf4 Rc7
23.Rc1 e5 24.Re4 Bf5 25.Re3 Bxc2+ 26.Ka1 Qb7 27.f4 e4 28.Rc3 Rxc3 29.Nxc3 Bd3
30.Qg4 Qf7 31.f5 d5 32.f6 h6 33.Bh4 Nxf6 34.Bxf6 Qxf6 35.Nxd5 Qe5 36.Nb4 Rf8
37.Qg6 Bc4 38.Nc6 Qg5 39.Qxg5 hxg5 40.b3 Bd3 41.Ne5 Rf2 42.Rg1 Be2 43.Kb2 b4
44.Kc1 Bf1 45.Ng4 Rxa2 46.Kb1 Rxg2 47.Rxg2 Bxg2 48.Ne3 Bh3 49.Nd5 a5 50.Ne7+ Kf7
51.Nc6 Be6  0-1

[Event "Arctic Chess Challenge"]
[Site "Tromso NOR"]
[Date "2007.08.06"]
[Round "3"]
[White "Hammer,J"]
[Black "Macieja,B"]
[Result "0-1"]
[WhiteElo "2412"]
[BlackElo "2596"]

1.e4 c5 2.Nf3 e6 3.d4 cxd4 4.Nxd4 Nc6 5.Nc3 Qc7 6.Be3 a6 7.Bd3 b5 8.Nxc6 Qxc6
9.O-O Bb7 10.f3 Bd6 11.Qe1 Nf6 12.Bd4 e5 13.Be3 Bc5 14.Kh1 Bxe3 15.Qxe3 O-O
16.Rae1 Rae8 17.a3 d6 18.Rf2 Bc8 19.Rd2 Be6 20.Red1 Rd8 21.Be2 Rd7 22.f4 exf4
23.Qxf4 Rfd8 24.Bf3 Qc5 25.Ne2 Qe5 26.Qxe5 dxe5 27.Rxd7 Rxd7 28.Rxd7 Nxd7
29.Kg1 g6 30.Kf2 f5 31.exf5 gxf5 32.Bc6 Kf7 33.b4 Nb6 34.Nc3 Nc4 35.a4 Na3
36.axb5 axb5 37.Nxb5 Nxc2 38.Nc7 Nxb4 39.Bb5 h6 40.Na6 Nd5 41.Nc5 Ke7 42.Bc4 Nc7
43.Bd3 Bc8 44.Na4 Kd6 45.Nc3 Kc5 46.Ne2 Ne8 47.Ng3 Nd6 48.Nf1 Kd4 49.Bb1 e4
50.Ng3 f4 51.Ne2+ Ke5 52.Ng1 Nf5 53.g3 e3+ 54.Ke1 fxg3 55.hxg3 Nxg3 56.Bd3 Bg4
57.Ba6 Kf4 58.Bb7 h5 59.Bc6 h4 60.Bg2 Kg5 61.Nh3+ Bxh3 62.Bxh3 Nh5 63.Bc8 Nf4
64.Kf1 h3 65.Bxh3 Nxh3 66.Ke2 Kf4  0-1

[Event "HZ Open"]
[Site "Vlissingen NED"]
[Date "2007.08.06"]
[Round "4"]
[White "Steenbekkers,F"]
[Black "Hugaert,A"]
[Result "1-0"]
[WhiteElo "2228"]
[BlackElo "2041"]

1.e4 c5 2.Nf3 e6 3.Nc3 Nc6 4.d4 cxd4 5.Nxd4 Nf6 6.Ndb5 d6 7.Bf4 e5 8.Bg5 a6
9.Na3 b5 10.Nd5 Be7 11.Bxf6 Bxf6 12.c3 O-O 13.Nc2 Bg5 14.a4 Rb8 15.axb5 axb5
16.Bd3 Be6 17.Nce3 Ne7 18.Bc2 Nxd5 19.Nxd5 f5 20.exf5 Bxf5 21.Bxf5 Rxf5 22.O-O Qd7
23.Qd3 Qf7 24.f3 h6 25.Rad1 Bd8 26.Kh1 Rh5 27.f4 Qe6 28.f5 Qd7 29.f6 Qf7
30.fxg7 Qxg7 31.Ne3 Qg3 32.Qd5+ Kh8 33.Rf8+ Kh7 34.Qf7+ Qg7 35.Qxh5 Qxf8
36.Rf1 Bf6 37.Nd5 Ra8 38.Qf5+  1-0

[Event "UTwente YM"]
[Site "Hengelo NED"]
[Date "2007.08.07"]
[Round "2"]
[White "Muhren,B"]
[Black "Hoolt,S"]
[Result "0-1"]
[WhiteElo "2334"]
[BlackElo "2187"]

1.e4 c5 2.Nf3 e6 3.d4 cxd4 4.Nxd4 Nc6 5.Nc3 Qc7 6.Be2 a6 7.O-O Nf6 8.Be3 Bb4
9.Na4 Be7 10.Nxc6 bxc6 11.Nb6 Rb8 12.Nxc8 Qxc8 13.Bd4 Nxe4 14.Bxg7 Rg8 15.Be5 d6
16.f3 Nf2 17.Rxf2 dxe5 18.Rf1 Rxb2 19.Qd3 Qd8 20.Rfb1 Qb6+  0-1

[Event "UTwente YM"]
[Site "Hengelo NED"]
[Date "2007.08.07"]
[Round "3"]
[White "Bitalzadeh,A"]
[Black "Bogner,S"]
[Result "0-1"]
[WhiteElo "2390"]
[BlackElo "2371"]

1.e4 c5 2.Nc3 e6 3.Nf3 Nc6 4.d4 cxd4 5.Nxd4 Qc7 6.Be3 a6 7.Qd2 Nf6 8.O-O-O Bb4
9.f3 Ne5 10.Nb3 b5 11.Qe1 Be7 12.f4 Ng6 13.e5 Ng4 14.Bd2 Bb7 15.Bd3 Rc8 16.h3 Nh6
17.Ne4 f5 18.exf6 gxf6 19.Kb1 f5 20.Ng3 Rg8 21.Qe3 Nh4 22.Nh5 Rxg2 23.Rhg1 Bf3
24.Rxg2 Bxd1 25.Rg7 Bxh5 26.Rxh7 Bf8 27.Qg3 Qd8 28.Bb4 Qf6 29.Bxf8 Kxf8 30.Qg5 Qxg5
31.fxg5 Nf7 32.Rxh5 Ng6 33.Nd4 Rc5 34.Nf3 Kg7 35.a4 bxa4 36.Ka2 Rd5 37.Bxa6 Nd6
38.Ka3 Rd1 39.Rh6 Ra1+ 40.Kb4 Ra2 41.Bd3 Rxb2+ 42.Kxa4 Nf7 43.Rh5 Rb1 44.Ka5 Nd8
45.Bb5 e5 46.Nh4 Nxh4 47.Rxh4 d5 48.Rh6 Nf7 49.Re6 Re1 50.h4 f4 51.Bc6 f3
52.Bxd5 f2 53.Bc4 f1=Q 54.Bxf1 Rxf1 55.Kb5 Re1 56.Kc5 Nd8 57.Re8 Nf7 58.Re6 Re4
59.c4 Rxh4 60.g6 Rh6 61.Kd5 Rxg6 62.Re8 Rd6+ 63.Kc5 Kf6 64.Ra8 Re6 65.Ra1 e4
66.Rf1+ Ke7 67.Kd4 e3 68.Kd3 Nh6 69.Ke2 Re5 70.c5 Nf5 71.Rc1 Kd7 72.c6+ Kc7
73.Rc4 Ng3+ 74.Kd1 Rd5+ 75.Ke1 Rf5 76.Rd4 e2  0-1

[Event "XVIII Kochan Mem"]
[Site "Koszalin POL"]
[Date "2007.08.07"]
[Round "3"]
[White "Tofil,B"]
[Black "Kolosowski,M"]
[Result "0-1"]
[WhiteElo "2148"]
[BlackElo "2298"]

1.e4 c5 2.Nf3 e6 3.d4 cxd4 4.Nxd4 Nc6 5.Nc3 Qc7 6.g3 a6 7.Bg2 Nf6 8.O-O Bc5
9.Nb3 Be7 10.f4 d6 11.Be3 O-O 12.a4 b6 13.Qe2 Rb8 14.g4 Na5 15.Nd2 d5 16.exd5 Bc5
17.d6 Bxd6 18.g5 Nd7 19.Nce4 Be7 20.c3 f5 21.gxf6 Nxf6 22.b4 Nb7 23.Bd4 Nd5
24.Qh5 Nd6 25.Be5 Nf6 26.Nxf6+ gxf6 27.Bxd6 Bxd6 28.Ne4 Bb7 29.Nxd6 Bxg2
30.Kxg2 Qxd6 31.Rad1 Qc6+ 32.Qf3 Qxa4 33.Kh1 Kh8 34.Rd6 Qb5 35.Rxe6 Qf5 36.Qe4 Qh3
37.Rf3 Qh4 38.Rg3 Rg8 39.Kg2 Rbd8 40.Qe3 Qh5 41.Re7 Qd5+ 42.Qf3 Qf5 43.Re2 a5
44.bxa5 bxa5 45.Qe4 Qb5 46.Qe6 Qb7+ 47.Kf2 Qa7+ 48.Kg2 Rdf8 49.Kf1 Rxg3 50.hxg3 Qb7
51.Qe4 Qc8 52.Rh2 Qa6+ 53.Kg2 Qa7 54.Rh5 a4 55.Qb4 Ra8 56.Rb5 Rg8 57.Qd4 Qg7
58.Qe3 a3 59.Ra5 Qb7+ 60.Kh3 Qh1+  0-1

[Event "5th Staunton Mem"]
[Site "London ENG"]
[Date "2007.08.07"]
[Round "1"]
[White "Houska,Jo"]
[Black "Werle,J"]
[Result "0-1"]
[WhiteElo "2401"]
[BlackElo "2552"]

1.e4 c5 2.Nf3 e6 3.d4 cxd4 4.Nxd4 Nc6 5.Nc3 a6 6.Nxc6 bxc6 7.Bd3 d5 8.O-O Nf6
9.Qf3 Be7 10.Bg5 O-O 11.Rfe1 d4 12.e5 dxc3 13.exf6 Bxf6 14.Bxf6 Qxf6 15.Qxf6 gxf6
16.bxc3 e5 17.f4 exf4 18.Rf1 Be6 19.Rxf4 Kg7 20.Raf1 Rfb8 21.Rxf6 Rb2 22.a4 Ra2
23.R6f4 a5 24.h3 Ra3 25.Rb1 Ra7 26.Rb6 c5 27.Bf5 Bxf5 28.Rxf5 c4 29.Rbb5 Rxa4
30.Rfc5 Ra1+ 31.Kh2 a4 32.Rxc4 a3 33.Rbb4 Re1 34.Rg4+ Kf8 35.Rb8+ Ke7 36.Rgg8 Kf6
37.Rb6+ Re6 38.Rb1 a2 39.Rf1+ Ke7 40.Rg7 Kf8 41.Rxh7 a1=Q 42.Rhxf7+ Rxf7
43.Rxa1 Rf2 44.Ra8+ Kf7 45.Ra7+ Kf6 46.Ra4 Rxc2  0-1